000 00240nam a22000857a 4500
008 160712b xxu||||| |||| 00| 0 eng d
100 _92670
_a Khambadkone, R.M
245 _aThe Summer Tree Contest
260 _aNew Delhi
_bNational Book Trust
_c2004
999 _c2323
_d2323